Loading...
| History - World | 0 | 5 | 0 | 1 | 50 | 66 | 90.40 | 2 | 5 | 0.00 | 0.00 |
| History - American | 2 | 2 | 0 | 0 | 50 | 49 | 66.25 | 4 | 4 | 0.00 | 0.00 |
| Mythology | 0 | 4 | 0 | 0 | 40 | 65 | 97.75 | 3 | 4 | 0.00 | 0.00 |
| Social Science | 0 | 3 | 0 | 2 | 30 | 85 | 114.67 | 1 | 3 | 0.00 | 0.00 |
| Philosophy | 0 | 2 | 0 | 2 | 20 | 137 | 139.50 | 0 | 2 | 0.00 | 0.00 |
| History - European | 1 | 1 | 1 | 0 | 20 | 56 | 74.50 | 2 | 2 | 0.00 | 0.00 |
| History - Other | 1 | 1 | 1 | 1 | 20 | 48 | 91.50 | 0 | 2 | 0.00 | 0.00 |
| Pop Culture | 1 | 0 | 0 | 0 | 15 | 66 | 66.00 | 1 | 1 | 0.00 | 0.00 |
| Fine Arts - Visual | 0 | 1 | 0 | 1 | 10 | 140 | 140.00 | 0 | 1 | 0.00 | 0.00 |
| Religion | 0 | 1 | 0 | 1 | 10 | 139 | 139.00 | 0 | 1 | 0.00 | 0.00 |
| Science - Biology | 0 | 1 | 0 | 1 | 10 | 125 | 125.00 | 0 | 1 | 0.00 | 0.00 |
| Science - Chemistry | 0 | 1 | 0 | 1 | 10 | 114 | 114.00 | 0 | 1 | 0.00 | 0.00 |
| Fine Arts - Other | 0 | 1 | 0 | 0 | 10 | 87 | 87.00 | 0 | 1 | 0.00 | 0.00 |